| 000 | 00903nam a2200265Ia 4500 | ||
|---|---|---|---|
| 003 | OSt | ||
| 005 | 20220927110042.0 | ||
| 006 | a|||||r|||| 00| 0 | ||
| 007 | ta | ||
| 008 | 220926b |||||||| |||| 00| 0 eng d | ||
| 024 | _a90874 | ||
| 037 | _cReference Collections | ||
| 040 |
_aRTL _cRTL _beng |
||
| 041 |
_2eng _aeng |
||
| 082 | _a"X9(F555)OaD854p1,N70, L1" | ||
| 100 |
_aCowell E B _9375899 |
||
| 111 |
_aSymposium On The Ecological Effects Of Oil Pollution On Littoral Communities (1970 : London) _9375900 |
||
| 245 | 0 | _aEcological effeects of oel pollution on littoral communities | |
| 260 |
_aBarking _bApplied Science Publishers _c1971 |
||
| 300 |
_a"viii,250p." _ccm. |
||
| 490 | _a"Institute Of Petroleum, Publication" | ||
| 650 | _aPetroleum Industry | ||
| 942 |
_h"X9(F555)OaD854p1,N70, L1" _cCC |
||
| 999 |
_c695369 _d695369 |
||